Every City in El Paso County, Colorado - Statistics

General Stats
  • This quiz has been taken 57 times
  • The average score is 10 of 20
Answers on the Map
Answers color-coded by a green-red scale on the quiz's map according to % correct below.
 
Answer Stats
City % Correct
Colorado Springs
98%
Fountain
81%
Monument
81%
Manitou Springs
79%
Black Forest
63%
Fort Carson
58%
Peyton
56%
Calhan
54%
Palmer Lake
50%
Security-Widefield
48%
Air Force Academy
46%
Cascade-Chipita Park
35%
Ellicott
35%
Cimarron Hills
33%
Green Mountain Falls
31%
Gleneagle
27%
Stratmoor
27%
Ramah
23%
Woodmoor
23%
Rock Creek Park
13%
No matching quizzes found
Score Distribution
Percent of People with Each Score
Percentile by Number Answered
Your Score History
You have not taken this quiz